ბათუმის შოთა რუსთაველის სახელმწიფო უნივერსიტეტის ბიბლიოთეკა

Политическая регионалистика. (ბიბ.ჩანაწერი № 44552)

000 -LEADER
fixed length control field 00684nam a2200241Ia 4500
001 - CONTROL NUMBER
control field 11355
003 - CONTROL NUMBER IDENTIFIER
control field GE_BSU
008 - FIXED-LENGTH DATA ELEMENTS--GENERAL INFORMATION
fixed length control field 181216s||||||||xx |||||||||||||| ||und||
020 ## - INTERNATIONAL STANDARD BOOK NUMBER
International Standard Book Number 9785388006943
040 ## - CATALOGING SOURCE
Transcribing agency GE_BSU
080 ## - UNIVERSAL DECIMAL CLASSIFICATION NUMBER
Universal Decimal Classification number 323.174(075)
100 ## - MAIN ENTRY--PERSONAL NAME
Personal name Косов,Ю.В; В.В.Фокина.
245 ## - TITLE STATEMENT
Title Политическая регионалистика.
245 ## - TITLE STATEMENT
Remainder of title Учебное пособие.
245 ## - TITLE STATEMENT
Statement of responsibility, etc. Ред:М.Трофимова; Е.Власова.
260 ## - PUBLICATION, DISTRIBUTION, ETC.
Place of publication, distribution, etc. СПБ.
260 ## - PUBLICATION, DISTRIBUTION, ETC.
Name of publisher, distributor, etc. ПИТЕР.
260 ## - PUBLICATION, DISTRIBUTION, ETC.
Date of publication, distribution, etc. 2009.
300 ## - PHYSICAL DESCRIPTION
Extent 192стр;21см.
653 ## - INDEX TERM--UNCONTROLLED
Uncontrolled term Политическая регионалистика.
942 ## - ADDED ENTRY ELEMENTS (KOHA)
Koha item type წიგნი
ეგზემპლარები
Withdrawn status Lost status Damaged status Not for loan Date acquired Barcode Date last seen Price effective from Koha item type
        2018-12-17 35358 2018-12-17 2018-12-17 წიგნი